000
00357nam a2200145Ia 4500
008
151213s9999 xx 000 0 und d
100
_a
II
245
_a
Law and Trade Marks Copyright Patents & Designs
_c
II
260
_a
Dhaka
_b
New Warsi Book Corpration
_c
2002
300
_a
3260 p.
650
_a
Law
650
_a
Law
700
_a
II
999
_c
2237
_d
2237